000
00259nam a2200097Ia 4500
008
170620s9999 xx 000 0 und d
100
_a
Kulshrestha- S. P. (Hindi)
245
0
_a
Shaikshik takniki ke muladhar (Hindi)
260
_b
Agra- Vinod Pustak Mandir
260
_c
1997
300
_a
586
999
_c
23569
_d
23569